Alle Formel 1 Fahrer mit mindestens 300 Punkten in einer Saison - Statistiken

Allgemein
  • Dieses Quiz wurde 1.240 mal gespielt
    19 seit der letzten Aktualisierung
  • Das Durchschnittsergebnis liegt bei 28 aus 29
Antwortstatistiken
Jahr Nationalität Punkte Antwort % Korrekt
2024 Monaco 356 Charles Leclerc
100%
2022 Monaco 308 Charles Leclerc
100%
2025 Großbritannien 423 Lando Norris
100%
2024 Großbritannien 374 Lando Norris
100%
2025 Niederlande 421 Max Verstappen
100%
2024 Niederlande 437 Max Verstappen
100%
2023 Niederlande 575 Max Verstappen
100%
2022 Niederlande 454 Max Verstappen
100%
2021 Niederlande 395,5 Max Verstappen
100%
2018 Deutschland 320 Sebastian Vettel
100%
2017 Deutschland 317 Sebastian Vettel
100%
2013 Deutschland 397 Sebastian Vettel
100%
2011 Deutschland 392 Sebastian Vettel
100%
2021 Großbritannien 387,5 Lewis Hamilton
95%
2020 Großbritannien 347 Lewis Hamilton
95%
2019 Großbritannien 413 Lewis Hamilton
95%
2018 Großbritannien 408 Lewis Hamilton
95%
2017 Großbritannien 363 Lewis Hamilton
95%
2016 Großbritannien 380 Lewis Hamilton
95%
2015 Großbritannien 381 Lewis Hamilton
95%
2014 Großbritannien 384 Lewis Hamilton
95%
2016 Deutschland 385 Nico Rosberg
95%
2015 Deutschland 322 Nico Rosberg
95%
2014 Deutschland 317 Nico Rosberg
95%
2025 Australien 410 Oscar Piastri
95%
2022 Mexiko 305 Sergio Perez
95%
2019 Finnland 326 Valtteri Bottas
89%
2017 Finnland 305 Valtteri Bottas
89%
2025 Großbritannien 319 George Russell
84%
Keine übereinstimmenden Quizze gefunden
Verteilung der Resultate
Anzahl Personen mit jedem Resultat
Perzentil nach korrekt beantworteten Fragen
Ihre Resultats-Entwicklung
Sie haben dieses Quiz seit der letzten Aktualisierung nicht gespielt